LEADER 01280nam a2200289 u 4500 001 000000091954 003 CaOOAMICUS 005 20070226124903.0 008 060330s1918 gw u000 u ger u 035 $a11083935 040 $aPUL(R)$bita 041 1 $ager$hgrc 100 0 $aAristoteles,$d384-322 a.C.$0(OLS)http://pul/name/792 240 10$aDe sophisticis elenchis$9(Aristoteles, 384-322 a.C.).$lTedesco.$0(OLS)http://pul/title/118695 245 10$aSophistische Widerlegungen /$cAristoteles ; neu übersetzt und mit einer Einleitung und erklärenden Anmerkungen verschen von Eug. Rolfes. 260 $aLeipzig :$bMeiner,$c1918. 300 $aix, 80 p. ;$c19 cm 490 1 $aDer philosophischen Bibliotek ;$v13 700 1 $aRolfes, Eugen,$d1852-1932.$0(OLS)http://pul/name/59237 830 4$aDer philosophischen Bibliotek ;$v13.$0(OLS)http://pul/title/73245 850 $aPUL 852 $aPUL$W1$xDP1 Fondo Seidl$y56$m4 A 55$j115729$nBK-PRI$b $qFondi$B115729$CPULBib$Z2$F115729 $H $81 900 $aAristotle,$d 384-322 a.C.$9792 900 $aAristotele,$d384-322 a.C.$9792 941 1 $a1 996 $6245$aSophistische Widerlegungen$9(OLS)http://pul/title/118696 996 $6260$aLeipzig :$bMeiner$9(OLS)http://pul/publisher/69709 LEADER 01385nam a2200325 a 4500 001 000000060103 003 CaOOAMICUS 005 20131219122851.0 008 010716s1944 fr u000 u fre r 035 $a10897319 040 $aPUL(R)$bita 100 1 $aFessard, Gaston,$cS.I.$0(OLS)http://pul/name/32906 245 10$aAutorité et bien commun /$cGaston Fessard. 260 $aParis :$bAubier,$c1944. 300 $a145 p. ;$c20 cm 490 1 $aThéologie ;$v5 650 4$aNote bibliografiche.$0(OLS)http://pul/subject/23257 650 4$aBene comune.$0(OLS)http://pul/subject/12547 830 0$aThéologie (Aubier) ;$v05.$0(OLS)http://pul/title/3678 850 $aPUL 852 $aPUL$W1$xSL Religione 2$y84$mTheol A8 5$j78317$nBK-PRI$b $qStampati altre collocazioni$B78317$CPULBib$Z2$F78317 $H $81 852 $aPUL$W1$xDP1 Fondo E. Rossi$y115$m3 A 142$j157801$a2. copia$qFondi$B157229$CPULBib$Z2$F157229 $82 852 $aPUL$W1$xDP1 Fondo Bordoni$y120$m3 G 96.5$j173446$qFondi$B175712$CPULBib$Z2$F175712 $HBor1972 $81 941 1 $a10 941 1 $a1 961 $aINV: 14401 961 $aSul dorso collocazione ms. di E. Rossi: CP 51 2 996 $6245$aAutorité et bien commun$9(OLS)http://pul/title/76226 996 $6260$aParis :$bAubier$9(OLS)http://pul/publisher/48219